[Event "Florence op 6th"]
[Site "Florence"]
[Date "2012.11.03"]
[Round "4"]
[White "Burgassi, Daniele"]
[Black "Bini, Alessandro"]
[Result "0-1"]
[WhiteElo "1802"]
[BlackElo "1859"]
[PlyCount "90"]
[EventDate "2012.11.01"]
[EventType "swiss"]
[EventRounds "7"]
[EventCountry "ITA"]
[SourceTitle "EXT 2014"]
[Source "ChessBase"]
[SourceDate "2013.11.20"]
[SourceVersion "1"]
[SourceVersionDate "2013.11.20"]
[SourceQuality "1"]

1. e4 g6 2. d4 Bg7 3. Nc3 d6 4. f4 Nf6 5. Nf3 c6 6. Bd3 0-0 7. 0-0 b5 8. e5 Ne8 9. Qe1 e6 10. Qg3 b4 11. Ne4 Ba6 12. Bxa6 Nxa6 13. Neg5 h6 14. Ne4 d5 15. Nf2 c5 16. Qh3 cxd4 17. f5 exf5 18. Bxh6 f6 19. Nxd4 Nec7 20. Bxg7 Kxg7 21. e6 Qd6 22. Rae1 Rh8 23. Qg3 Qxg3 24. hxg3 Nc5 25. e7 Ne4 26. Nxe4 fxe4 27. Nc6 Rhe8 28. Rd1 a5 29. Rf4 Ra6 30. Nd4 Rxe7 31. Rg4 Re5 32. Rf1 Kf7 33. Rh4 Ne6 34. Ne2 Kg7 35. g4 Rc6 36. c3 bxc3 37. bxc3 Rb6 38. Kf2 Rb2 39. Ke3 a4 40. Rfh1 Nf8 41. Rh8 Rxa2 42. Nf4 g5 43. Ng6 d4+ 44. cxd4 Ra3+ 45. Ke2 Rb5 0-1

[Event "Livorno op 7th"]
[Site "Livorno"]
[Date "2011.07.02"]
[Round "3"]
[White "Selifanov, Konstantin"]
[Black "Bini, Alessandro"]
[Result "1-0"]
[WhiteElo "1896"]
[BlackElo "1915"]
[PlyCount "61"]
[EventDate "2011.07.01"]
[EventType "swiss"]
[EventRounds "5"]
[EventCountry "ITA"]
[SourceTitle "EXT 2014"]
[Source "ChessBase"]
[SourceDate "2013.11.20"]
[SourceVersion "1"]
[SourceVersionDate "2013.11.20"]
[SourceQuality "1"]

1. e4 g6 2. d4 Bg7 3. c4 c5 4. d5 d6 5. Qc2 Bd7 6. Bd2 Qc7 7. h3 Na6 8. a3 Rb8 9. Nc3 b6 10. f4 Qd8 11. Nf3 Nc7 12. a4 a5 13. Bd3 Na6 14. Na2 Nb4 15. Nxb4 axb4 16. e5 Nh6 17. g4 Qc7 18. e6 fxe6 19. dxe6 Bc6 20. Bxg6+ Kd8 21. Be4 Qb7 22. Bxc6 Qxc6 23. Rf1 d5 24. cxd5 Qxd5 25. 0-0-0 Kc8 26. Bc3 Bd4 27. Bxd4 Rg8 28. f5 Qa2 29. Bxc5 Kb7 30. Rd7+ Ka6 31. Qd3+ 1-0

[Event "Isola d'Elba op 26th"]
[Site "Isola d'Elba"]
[Date "2008.05.10"]
[Round "3"]
[White "Nelli, Carlo"]
[Black "Bini, Alessandro"]
[Result "1/2-1/2"]
[WhiteElo "1948"]
[BlackElo "2007"]
[PlyCount "76"]
[EventDate "2008.05.10"]
[EventType "swiss"]
[EventRounds "9"]
[EventCountry "ITA"]
[SourceTitle "CBM 124 Extra"]
[Source "ChessBase"]
[SourceDate "2008.07.03"]
[SourceVersion "1"]
[SourceVersionDate "2008.07.03"]
[SourceQuality "1"]

1. e4 g6 2. d4 Bg7 3. Nc3 d6 4. Be3 Nf6 5. f3 c6 6. Qd2 Qa5 7. 0-0-0 b5 8. Kb1 0-0 9. Bh6 b4 10. Nce2 Nbd7 11. g4 Ba6 12. h4 Rfc8 13. Bxg7 Kxg7 14. h5 Ng8 15. hxg6 fxg6 16. Nf4 Nf8 17. Bxa6 Qxa6 18. d5 Qb6 19. Ngh3 h6 20. Qh2 Qc5 21. e5 cxd5 22. exd6 Qxd6 23. Rxd5 Qf6 24. Rf5 Qd6 25. Rd5 Qc6 26. Rhd1 Rc7 27. Qe2 Rac8 28. R5d2 a6 29. Nd5 Rd7 30. Qe5+ Kh7 31. Ng5+ hxg5 32. Rh1+ Nh6 33. Rxh6+ Kg8 34. Rh8+ Kf7 35. Qxg5 Qe6 36. Qf4+ Kg7 37. Qh6+ Kf7 38. Qf4+ Kg7 1/2-1/2

[Event "Florence Weekend op 2nd"]
[Site "Florence"]
[Date "2007.10.26"]
[Round "2"]
[White "Bini, Alessandro"]
[Black "Garofalo, Simone"]
[Result "1-0"]
[WhiteElo "2009"]
[BlackElo "2022"]
[PlyCount "117"]
[EventDate "2007.10.26"]
[EventType "swiss"]
[EventRounds "6"]
[EventCountry "ITA"]
[SourceTitle "EXT 2010"]
[Source "ChessBase"]
[SourceDate "2010.11.25"]
[SourceVersion "1"]
[SourceVersionDate "2010.11.25"]
[SourceQuality "1"]

1. c4 Nf6 2. Nc3 g6 3. g3 Bg7 4. Bg2 0-0 5. e3 d6 6. Qc2 Nc6 7. a3 Bf5 8. d3 Rb8 9. Rb1 e5 10. b4 Qd7 11. Nd5 Nxd5 12. cxd5 Ne7 13. e4 Bg4 14. h3 Bh5 15. g4 Bxg4 16. hxg4 c6 17. Qe2 cxd5 18. Qf3 dxe4 19. dxe4 Rfc8 20. Qh3 h5 21. gxh5 Qxh3 22. Rxh3 gxh5 23. Rxh5 Rc4 24. Ne2 Ng6 25. Rh3 Rbc8 26. Bd2 Kf8 27. Rc1 b5 28. Rhc3 Rxc3 29. Rxc3 Rxc3 30. Nxc3 a6 31. Nd5 Nf4 32. Bxf4 exf4 33. Bh3 f3 34. Kd1 Be5 35. Ke1 Bb2 36. Bg4 Bxa3 37. Bxf3 Ke8 38. Kd2 Kd8 39. Kc2 a5 40. bxa5 Bc5 41. Bh5 Bxf2 42. Bxf7 Kc8 43. Be8 Be1 44. a6 b4 45. Bb5 Kb8 46. Kb3 Bg3 47. Nxb4 Bh2 48. Nc6+ Ka8 49. Kc4 Bg3 50. Kd5 Bh2 51. Nd8 Kb8 52. Kc6 Bg3 53. Nf7 d5 54. exd5 Ka7 55. Bd3 Bf4 56. Kb5 Kb8 57. d6 Ka7 58. d7 Bd6 59. Nxd6 1-0

[Event "Pedavena op-A 2nd"]
[Site "Pedavena"]
[Date "2006.08.04"]
[Round "6"]
[White "Bini, Alessandro"]
[Black "Hutzheimer, Alfred"]
[Result "1-0"]
[WhiteElo "1877"]
[BlackElo "2146"]
[PlyCount "119"]
[EventDate "2006.08.01"]
[EventType "swiss"]
[EventRounds "7"]
[EventCountry "ITA"]
[SourceTitle "EXT 2023"]
[Source "ChessBase"]
[SourceDate "2022.10.05"]
[SourceVersion "1"]
[SourceVersionDate "2022.10.05"]
[SourceQuality "1"]

1. d3 d5 2. Nf3 c5 3. Nbd2 Nf6 4. e4 e6 5. c3 Nc6 6. e5 Nd7 7. d4 cxd4 8. cxd4 Qb6 9. Nb3 a5 10. Be3 a4 11. Nc1 Qxb2 12. Nd3 Qb6 13. Rb1 Qc7 14. Be2 Be7 15. 0-0 f6 16. Nh4 fxe5 17. Bh5+ Kd8 18. Qg4 Bxh4 19. Qxh4+ Nf6 20. Bg5 Rf8 21. dxe5 Nxe5 22. Bf4 Qe7 23. Nxe5 Nxh5 24. Bg5 Nf6 25. Rfc1 h6 26. Be3 Nd7 27. Qxe7+ Kxe7 28. Ng6+ Ke8 29. Nxf8 Kxf8 30. Rc7 Ne5 31. Bd4 Nc4 32. Bxg7+ Ke8 33. Bxh6 Rb8 34. Bf4 Ra8 35. Re1 b5 36. h4 Bd7 37. h5 Ke7 38. h6 Rh8 39. Bg5+ Kd6 40. Ra7 Rh7 41. Ra8 e5 42. f4 e4 43. Rg8 Bf5 44. Rg7 e3 45. g4 Rxg7 46. hxg7 Bh7 47. f5 d4 48. Kf1 Nd2+ 49. Ke2 b4 50. Rh1 Bg8 51. Rh8 Bxa2 52. Rd8+ Ke5 53. Re8+ Kd6 54. Re6+ Bxe6 55. fxe6 Ne4 56. Bf4+ Kd5 57. g8Q Nc3+ 58. Kd3 e2 59. e7+ Kc5 60. e8Q 1-0